El Futuro Túnel del Cadí
Publicado:
San Jorge, núm. 94 (2n, 3r i 4t trimestre 1974), pàg. 87 :
Materias:
Túnel del Cadí
MARC
| LEADER | 00000nam a2200000Ia 4500 | ||
|---|---|---|---|
| 001 | |||
| 008 | 160829s9999 xx 000 0 cat d | ||
| 245 | |a El Futuro Túnel del Cadí | ||
| 260 | |a San Jorge, núm. 94 (2n, 3r i 4t trimestre 1974), pàg. 87 | ||
| 650 | |a Túnel del Cadí |9 33704 | ||
| 901 | |a Arxiu | ||
| 942 | |n 1 | ||
| 952 | |0 0 |1 0 |4 0 |7 1 |9 50606 |a Arxiu |b Arxiu |d 2016-12-01 |l 0 |r 2016-12-01 00:00:00 |w 2016-12-01 |y ARXIU | ||
| 999 | |c 54448 |d 54448 | ||